Fotocytotoxicita nových derivátov proflavínu indukovaná modrým svetlom
Saved in:
| Main Author: | |
|---|---|
| Other Authors: | |
| Format: | Manuscript Book |
| Language: | Slovak |
| Published: |
2016
|
| Subjects: | |
| Online Access: | http://is.stuba.sk/zp/portal_zp.pl?podrobnosti=109585 |
| Tags: |
No Tags, Be the first to tag this record!
|
MARC
| LEADER | 00000ntm a22000003a 4500 | ||
|---|---|---|---|
| 001 | stuzp58584 | ||
| 003 | SK-STU | ||
| 005 | 20160719155617.8 | ||
| 007 | ta | ||
| 008 | 150427s2015----xo-----f-mn---000-0-slo-d | ||
| 040 | |a STU |b slo | ||
| 041 | 0 | |a slo | |
| 100 | 1 | |a Koniarová, Ivana |u 043000 |4 aut |U FCHPT Fakulta chemickej a potravinárskej technológie |T FCHPT Ústav biochémie a mikrobiológie |X 63721 |U C3000 |Y 101 |7 63721 | |
| 242 | 0 | 1 | |a Photocytotoxicity of New Derivatives of Proflavine Induced by Blue Light |y eng |
| 245 | 1 | 0 | |a Fotocytotoxicita nových derivátov proflavínu indukovaná modrým svetlom |
| 260 | |c 2016 | ||
| 650 | 4 | |a fotodynamická terapia |2 slo | |
| 650 | 4 | |a akridíny |2 slo | |
| 650 | 4 | |a modré svetlo |2 slo | |
| 650 | 4 | |a acridines |2 eng | |
| 650 | 4 | |a blue light |2 eng | |
| 650 | 4 | |a photodynamic therapy |2 eng | |
| 700 | 1 | |a Paulíková, Helena |u 043000 |k Z1 |4 ths |U FCHPT Fakulta chemickej a potravinárskej technológie |T FCHPT Ústav biochémie a mikrobiológie |X 3915 |U C3000 |Y 101 |7 A000003915 | |
| 856 | 4 | |u http://is.stuba.sk/zp/portal_zp.pl?podrobnosti=109585 | |
| SQL | |a stuzp58584 |b DBP |c SLO |d Fotocytotoxicita nových derivátov proflavínu indukovaná modrým svetlom |e 63721 |f Koniarová, Ivana |g 043000 |h 3915 |i Paulíková, Helena |j 20160712 |k 752 |l 04 |m http://is.stuba.sk/zp/portal_zp.pl?podrobnosti=109585 |n B-BIOPOT |o 5.2.25. biotechnológie | ||